Lex et scientia
| Título anterior: | Buletin informativ |
|---|---|
| Autores Corporativos: | , , |
| Formato: | Electrónico Revista |
| Lenguaje: | inglés francés rumano |
| Publicado: |
[Bucureşti] : [Bucureşti] :
[Universitatea Nicolae Titulescu] ; [Universitatea din Bucureşti, Facultatea de Administratie si Afaceri]
|
| Materias: | |
| Acceso en línea: | Full text available from Research Library: 01/01/2006 to present |
MARC
| LEADER | 00000nas a2200000 a 4500 | ||
|---|---|---|---|
| 001 | ssj0000495499 | ||
| 003 | WaSeSS | ||
| 005 | 20200512172242.0 | ||
| 006 | m d | ||
| 007 | cr n | ||
| 008 | 080421c19989999ru fr p s 0 0eng c | ||
| 010 | |a 2011263167 | ||
| 016 | 7 | |a 011122720 |2 Uk | |
| 022 | |a 2066-1886 |l 1583-039X | ||
| 035 | |a (WaSeSS)ssj0000495499 | ||
| 037 | |b Lex et Scientia, Calea Vacaresti, Nr. 185, Sect 4, Bucureşti | ||
| 040 | |a GIL |b eng |c GIL |d GIL |d OCLCS |d OCLCQ |d TXA |d NHM |d TXA |d UKMGB |d OCLCQ |d CUS |d OCLCQ |d OCLCF |d BUF |d OCLCO |d OCLCQ |d AU@ |d WaSeSS | ||
| 041 | 0 | |a eng |a fre |a rum | |
| 042 | |a pcc | ||
| 050 | 1 | 4 | |a K12 |b .E937 |
| 245 | 0 | 0 | |a Lex et scientia |h [electronic resource]. |
| 246 | 3 | |a LESIJ | |
| 246 | 3 | |a Lex et scientia international journal | |
| 260 | |a [Bucureşti] : |b [Universitatea Nicolae Titulescu] ; |a [Bucureşti] : |b [Universitatea din Bucureşti, Facultatea de Administratie si Afaceri] | ||
| 310 | |a Two no. yearly, |b 2008- | ||
| 321 | |a Three issues yearly, |b 1998 | ||
| 321 | |a Annual, |b 1999-2007 | ||
| 362 | 1 | |a Print began in 1998. | |
| 500 | |a Published: Nicolae Titulescu" University from Bucharest and Business and Administration Faculty within University of Bucharest, in cooperation with "Student's Book" Publishing House, <2007>-2008; "Nicolae Titulescu" University from Bucharest, in cooperation with "Pro Unviersitaria" Publishing House, 2009; "Nicolae Titulescu" University from Bucharest, "Nicolae Titulescu" Foundation of Law and International Relations, in cooperation with "Pro Universitaria" Publishing House, 2010- | ||
| 506 | |a License restrictions may limit access. | ||
| 538 | |a Mode of access: World Wide Web. | ||
| 546 | |a English, French, and Romanian. | ||
| 588 | |a Description based on: Nr. 14 (2007); title form PDF cover (univnt site, viewed June 8, 2011). | ||
| 588 | |a Latest issue consulted: No. 17, vol. 2 (2010) (univnt site, viewed June 8, 2011). | ||
| 650 | 0 | |a Law |x Social aspects |v Periodicals. | |
| 650 | 0 | |a Law |v Periodicals. | |
| 650 | 0 | |a Economics |v Periodicals. | |
| 650 | 0 | |a Business |v Periodicals. | |
| 650 | 0 | |a Electronic journals. | |
| 650 | 7 | |a Business. |2 fast |0 (OCoLC)fst00842262 | |
| 650 | 7 | |a Economics. |2 fast |0 (OCoLC)fst00902116 | |
| 650 | 7 | |a Electronic journals. |2 fast |0 (OCoLC)fst00907317 | |
| 650 | 7 | |a Law. |2 fast |0 (OCoLC)fst00993678 | |
| 650 | 7 | |a Law |x Social aspects. |2 fast |0 (OCoLC)fst00993813 | |
| 655 | 0 | |a Electronic journals. | |
| 710 | 2 | |a Universitatea Nicolae Titulescu. | |
| 710 | 2 | |a Universitatea din București. |b Facultatea de Administratie și Afaceri. | |
| 710 | 2 | |a Fundaţia de Drept şi Relaţii Internaţionale "Nicolae Titulescu." | |
| 770 | 0 | 8 | |i Has supplement: |t Condica doctorandului |
| 776 | 0 | 8 | |i Print version: |t Lex et scientia |x 1583-039X |
| 780 | 0 | 0 | |t Buletin informativ |
| 856 | 4 | 0 | |z Full text available from Research Library: 01/01/2006 to present |u https://search.proquest.com/publication/2036056 |